| 000 | 00462nam a2200157 a 4500 | ||
|---|---|---|---|
| 001 | 4293 | ||
| 003 | CDMR | ||
| 005 | 20130919181206.0 | ||
| 008 | 130130m19951996||||||||||||||||||||cat|d | ||
| 040 |
_aCDMR _bcat _cCDMR |
||
| 245 | 0 | 0 |
_aD'ací i d'allà _b: el primer magazine català d'estil europeu |
| 260 |
_aBarcelona _c1995-1996 _bÀmbit Serveis Editorials |
||
| 650 | 0 | 4 |
_92769 _aRevistes _zCatalunya |
| 650 | 0 | 4 |
_91524 _aPremsa _zCatalunya _xHistòria |
| 942 |
_cMON _2udc |
||
| 999 |
_c4293 _d4293 |
||